[Event "4NCL/Div2a/WRO2 vs. BARY"]
[Site "Hinckley Island ENG"]
[Date "2010.02.20"]
[Round "5.2"]
[White "Chapman, Terry PD"]
[Black "Arnott, Jonathan W"]
[Result "1-0"]
[WhiteElo "2221"]
[BlackElo "2154"]
[PlyCount "167"]
[EventDate "2010.02.20"]
[SourceDate "2009.10.24"]

1. Nf3 Nf6 2. g3 g6 3. Bg2 Bg7 4. c4 c6 5. d3 d5 6. Qc2 dxc4 7. Qxc4 Be6 8. Qc2
O-O 9. O-O Na6 10. a3 Qa5 11. Ng5 Bd7 12. Bd2 Qc5 13. Nc3 h6 14. b4 Qd6 15.
Nge4 Nxe4 16. Nxe4 Qc7 17. Rab1 Rac8 18. Rfc1 f5 19. Qb3+ Kh7 20. Nc5 Nxc5 21.
bxc5 Rb8 22. Qa4 Ra8 23. Qb4 Rfb8 24. d4 e5 25. dxe5 Bxe5 26. Qh4 h5 27. Qg5
Be8 28. e4 Qg7 29. exf5 Bf6 30. Qe3 gxf5 31. Qf3 Rd8 32. Bf4 Rd4 33. Bd6 Bg6
34. Rb3 Rd8 35. Rcb1 Rd7 36. Bh3 Rd5 37. Qe2 Be7 38. Bg2 Rxc5 39. Bxc5 Bxc5 40.
Rd1 Re7 41. Qd2 Bb6 42. Rd3 f4 43. Rd7 fxg3 44. hxg3 Rf7 45. Rxf7 Qxf7 46. Qe2
Kg8 47. Bh3 Qg7 48. Kg2 h4 49. Rd7 Qf6 50. Qe6+ Qxe6 51. Bxe6+ Kf8 52. gxh4 c5
53. Kf3 Be8 54. Rh7 Bd8 55. Kf4 b5 56. h5 a5 57. h6 Bf6 58. Ra7 Bc3 59. Bd7
Bd2+ 60. Ke4 Bxd7 61. Rxd7 Bxh6 62. Rd5 b4 63. axb4 cxb4 64. Rxa5 Ke7 65. f4
Bf8 66. Ra6 Bg7 67. Ra7+ Kf6 68. Rb7 Bf8 69. Rb6+ Kf7 70. Kf5 Kg8 71. Rb7 Bd6
72. Rd7 Bc5 73. Rb7 Bd6 74. Kg5 Kf8 75. f5 Ke8 76. Kf6 Kd8 77. Ke6 Kc8 78. Rd7
Bf8 79. Rd3 Kc7 80. f6 Kc6 81. Rd8 Bc5 82. Rc8+ Kb5 83. Rxc5+ Kxc5 84. f7 1-0

[Event "4NCL/Div2a/WRO2 vs. BARY"]
[Site "Hinckley Island ENG"]
[Date "2010.02.20"]
[Round "5.3"]
[White "Shaw, Peter"]
[Black "Coleman, David J"]
[Result "0-1"]
[WhiteElo "2156"]
[BlackElo "2239"]
[PlyCount "58"]
[EventDate "2010.02.20"]
[SourceDate "2009.10.24"]

1. d4 Nf6 2. c4 Nc6 3. Nf3 e6 4. a3 d6 5. Nc3 g6 6. e4 Bg7 7. Be2 O-O 8. b4 e5
9. d5 Nd4 10. Be3 Ng4 11. O-O f5 12. Ra2 Nxe2+ 13. Qxe2 f4 14. Bc1 g5 15. Rd1
h5 16. Nd2 Nh6 17. f3 g4 18. Nf1 Rf6 19. Kf2 Rg6 20. Ke1 gxf3 21. gxf3 Bh3 22.
Qd3 Qh4+ 23. Rf2 Rg1 24. Ke2 Bf6 25. Ne3 Rg7 26. Nc2 Kh8 27. Qd2 Qxf2+ 28. Kxf2
Rg2+ 29. Ke1 Bh4+ 0-1

[Event "4NCL/Div2a/WRO2 vs. BARY"]
[Site "Hinckley Island ENG"]
[Date "2010.02.20"]
[Round "5.4"]
[White "Sen, Subin"]
[Black "O'Driscoll, Keiran"]
[Result "1/2-1/2"]
[WhiteElo "2117"]
[BlackElo "2062"]
[PlyCount "56"]
[EventDate "2010.02.20"]
[SourceDate "2009.10.24"]

1. Nf3 Nf6 2. c4 e6 3. g3 b6 4. Bg2 Bb7 5. O-O c5 6. Nc3 Be7 7. Re1 d6 8. e4 a6
9. d4 cxd4 10. Nxd4 Qc7 11. Be3 Nbd7 12. Rc1 Rc8 13. f4 O-O 14. h3 Qb8 15. Qe2
Qa8 16. Bf2 Rc7 17. f5 e5 18. Nf3 Rfc8 19. Nd2 Bc6 20. g4 Nc5 21. g5 Nfd7 22.
h4 Na4 23. b3 Nxc3 24. Rxc3 b5 25. Rec1 Qb7 26. Qg4 Bf8 27. h5 Nb6 28. h6 g6
1/2-1/2

[Event "4NCL/Div2a/WRO2 vs. BARY"]
[Site "Hinckley Island ENG"]
[Date "2010.02.20"]
[Round "5.5"]
[White "Faulks, Nick"]
[Black "Hodgson, John H"]
[Result "1/2-1/2"]
[WhiteElo "2111"]
[BlackElo "2181"]
[PlyCount "52"]
[EventDate "2010.02.20"]
[SourceDate "2009.10.24"]

1. e4 c5 2. Nf3 d6 3. d4 cxd4 4. Nxd4 Nf6 5. f3 e5 6. Nb3 Be7 7. c4 a5 8. Be3
a4 9. N3d2 Qa5 10. Nc3 O-O 11. Be2 Nc6 12. O-O Nd4 13. Nd5 Nxd5 14. cxd5 Bd7
15. Bd3 Rfc8 16. Nc4 Qa7 17. Rf2 b5 18. Na3 Qb7 19. Nc2 Nxc2 20. Rxc2 Rxc2 21.
Qxc2 Rc8 22. Qd2 Bd8 23. Rc1 Rxc1+ 24. Qxc1 Bb6 25. Kf2 f5 26. Bxb6 Qxb6+
1/2-1/2

[Event "4NCL/Div2a/WRO2 vs. BARY"]
[Site "Hinckley Island ENG"]
[Date "2010.02.20"]
[Round "5.6"]
[White "Smith, Ivor BN"]
[Black "Webb, Matthew D"]
[Result "1-0"]
[WhiteElo "2145"]
[BlackElo "1986"]
[PlyCount "89"]
[EventDate "2010.02.20"]
[SourceDate "2009.10.24"]

1. e4 g6 2. d4 Bg7 3. Nc3 d6 4. Be2 a6 5. Be3 Nd7 6. Nf3 b5 7. a3 Bb7 8. O-O
Ngf6 9. e5 Nd5 10. Nxd5 Bxd5 11. exd6 cxd6 12. Qd2 Rc8 13. Rfe1 Nf6 14. c3 h6
15. a4 Qb6 16. axb5 axb5 17. h3 Qb7 18. Ra5 Bc4 19. Bxc4 bxc4 20. Bf4 O-O 21.
Bxh6 Ra8 22. Rxa8 Rxa8 23. Bxg7 Kxg7 24. Qe2 Ra2 25. Qxe7 Qxb2 26. Rf1 Qxc3 27.
Ng5 Qa5 28. Qxf7+ Kh6 29. h4 Qf5 30. Qxc4 Rc2 31. Qf7 Kh5 32. Qf8 Kxh4 33. Nf3+
Kg4 34. Qxd6 Ne4 35. Qd8 Nf6 36. Qh8 Nh5 37. Ne5+ Kg5 38. Qd8+ Nf6 39. Nf3+ Kg4
40. Qh8 Nh5 41. Ne5+ Kg5 42. g4 Qf6 43. f4+ Kh4 44. Qh6 Rc3 45. gxh5 1-0

[Event "4NCL/Div2a/WRO2 vs. BARY"]
[Site "Hinckley Island ENG"]
[Date "2010.02.20"]
[Round "5.7"]
[White "Whitaker, Thomas R"]
[Black "Farrand, Julian T"]
[Result "0-1"]
[WhiteElo "1954"]
[BlackElo "2112"]
[PlyCount "68"]
[EventDate "2010.02.20"]
[SourceDate "2009.10.24"]

1. e4 d6 2. d4 Nf6 3. Nc3 Nbd7 4. Be3 e5 5. f3 c6 6. Nge2 b5 7. a3 Bb7 8. Ng3
g6 9. h3 Bg7 10. dxe5 dxe5 11. Bd3 h5 12. O-O h4 13. Nge2 Nh5 14. f4 exf4 15.
Bxf4 Nxf4 16. Nxf4 Ne5 17. Qe2 O-O 18. Rad1 Qg5 19. Qf2 a6 20. Nce2 c5 21. c3
Nxd3 22. Nxd3 Bxe4 23. Nxc5 Bxg2 24. Qxg2 Qxc5+ 25. Nd4 Rad8 26. Qg4 Rd5 27.
Qxh4 Rh5 28. Qe4 Rxh3 29. Kg2 Rh5 30. Nf3 Qc8 31. Rd6 Re8 32. Qd3 Qh3+ 33. Kf2
Rf5 34. Rg1 Rxf3+ 0-1

[Event "4NCL/Div2a/WRO2 vs. BARY"]
[Site "Hinckley Island ENG"]
[Date "2010.02.20"]
[Round "5.8"]
[White "Cumming, Rhys"]
[Black "Rajeswaran, Kiruthika"]
[Result "1-0"]
[WhiteElo "1969"]
[BlackElo "1914"]
[PlyCount "79"]
[EventDate "2010.02.20"]
[SourceDate "2009.10.24"]

1. e4 c5 2. c3 Nc6 3. d4 d5 4. exd5 Qxd5 5. Nf3 Bg4 6. Be2 e6 7. h3 Bh5 8. O-O
Nf6 9. Be3 Ne4 10. Qa4 cxd4 11. Bxd4 Nc5 12. Bxc5 Qxc5 13. Nbd2 Be7 14. Nb3 Qb6
15. Nbd4 O-O 16. Nxc6 Qxc6 17. Qxc6 bxc6 18. g4 Bg6 19. Ne5 c5 20. Bf3 Rac8 21.
Rad1 f6 22. Nxg6 hxg6 23. Rd7 Rfe8 24. Rxa7 f5 25. gxf5 exf5 26. Bb7 Rb8 27.
Bc6 Rec8 28. Bd5+ Kf8 29. Re1 Re8 30. Bc6 Rec8 31. Rexe7 Rxc6 32. Rf7+ Kg8 33.
Rxg7+ Kh8 34. b3 Rd8 35. Kg2 Rd3 36. Rgb7 Rd8 37. b4 Rcc8 38. a4 cxb4 39. cxb4
Rb8 40. a5 1-0

[Event "4NCL/Div2b/E2E41 vs. BRI1"]
[Site "Hinckley Island ENG"]
[Date "2010.02.20"]
[Round "5.1"]
[White "Hulmes, David I"]
[Black "Buckley, David E"]
[Result "1-0"]
[WhiteElo "2227"]
[BlackElo "2274"]
[PlyCount "123"]
[EventDate "2010.02.20"]
[SourceDate "2009.10.24"]

1. e4 c5 2. Nf3 e6 3. d4 cxd4 4. Nxd4 a6 5. Bd3 Bc5 6. Nb3 Ba7 7. O-O Nc6 8. c4
Nge7 9. Nc3 O-O 10. Qe2 d6 11. Be3 Bxe3 12. Qxe3 e5 13. Rac1 Be6 14. Nd5 Rb8
15. Rfd1 f5 16. Nxe7+ Qxe7 17. exf5 Bxf5 18. Bxf5 Rxf5 19. c5 dxc5 20. Nxc5 Qf7
21. Nxa6 bxa6 22. Rxc6 Qxa2 23. Rb6 Rff8 24. f3 Qa4 25. b3 Qa2 26. h3 Rxb6 27.
Qxb6 a5 28. Qe6+ Kh8 29. Rd7 Qb2 30. Kh2 h6 31. Re7 Rg8 32. Qxe5 Qxe5+ 33. Rxe5
Rb8 34. Re3 Rb4 35. Kg3 a4 36. bxa4 Rxa4 37. f4 g6 38. Re7 h5 39. Kh4 Ra5 40.
g4 hxg4 41. hxg4 Kg8 42. Re5 Ra4 43. Kg5 Kf7 44. Rb5 Ra7 45. Kh6 Ra4 46. Rb7+
Kf8 47. Kxg6 Rxf4 48. g5 Rg4 49. Rb8+ Ke7 50. Rg8 Rg1 51. Kh7 Rg2 52. g6 Rh2+
53. Kg7 Rg2 54. Ra8 Rh2 55. Ra1 Ke8 56. Re1+ Kd7 57. Kg8 Rg2 58. g7 Rg3 59. Re4
Rg1 60. Kf7 Rf1+ 61. Kg6 Rg1+ 62. Kf6 1-0

[Event "4NCL/Div2b/E2E41 vs. BRI1"]
[Site "Hinckley Island ENG"]
[Date "2010.02.20"]
[Round "5.2"]
[White "Rudd, Jack"]
[Black "Byron, Alan M"]
[Result "1-0"]
[WhiteElo "2286"]
[BlackElo "2196"]
[PlyCount "121"]
[EventDate "2010.02.20"]
[SourceDate "2009.10.24"]

1. e4 c5 2. Nf3 d6 3. d4 cxd4 4. Nxd4 Nf6 5. Nc3 Nc6 6. Bg5 e6 7. Qd2 Be7 8.
O-O-O a6 9. f4 Bd7 10. Nb3 b5 11. Bxf6 gxf6 12. f5 Qb6 13. g4 O-O-O 14. Bg2 Ne5
15. h3 Kb8 16. Nd4 Rc8 17. Qh6 Qa5 18. Kb1 Nc4 19. Rd3 b4 20. Nce2 e5 21. Nb3
Qc7 22. Na1 Bb5 23. Rhd1 Nb6 24. Re3 Nd7 25. Nc1 Qb6 26. Ree1 Nc5 27. Bf3 a5
28. Qe3 a4 29. Ne2 Rc7 30. Ng3 Rhc8 31. Be2 Rb7 32. Bxb5 Qxb5 33. Qe2 b3 34.
Qxb5 Rxb5 35. cxb3 axb3 36. a3 Rc6 37. Re3 Ra6 38. Ne2 Ra4 39. Nc3 Rd4 40. Kc1
Rb7 41. h4 Bd8 42. Rh3 h6 43. Rxd4 exd4 44. Nd5 Nxe4 45. Nxb3 Nf2 46. Rf3 Nxg4
47. Nxd4 Bb6 48. Nc6+ Kc8 49. Rg3 h5 50. b4 Bf2 51. Rc3 Kd7 52. a4 Bxh4 53. a5
Bf2 54. a6 Rb5 55. Nce7 h4 56. Rc7+ Ke8 57. Rb7 Rxd5 58. Nxd5 h3 59. a7 Bxa7
60. Rxa7 Kf8 61. Kd2 1-0

[Event "4NCL/Div2b/E2E41 vs. BRI1"]
[Site "Hinckley Island ENG"]
[Date "2010.02.20"]
[Round "5.3"]
[White "Sugden, John N"]
[Black "Beaumont, Chris R"]
[Result "1/2-1/2"]
[WhiteElo "2219"]
[BlackElo "2306"]
[PlyCount "127"]
[EventDate "2010.02.20"]
[SourceDate "2009.10.24"]

1. d4 Nf6 2. c4 g6 3. Nc3 d5 4. cxd5 Nxd5 5. e4 Nxc3 6. bxc3 Bg7 7. Bc4 c5 8.
Ne2 Nc6 9. Be3 O-O 10. O-O Bd7 11. Rb1 Rc8 12. dxc5 Na5 13. Bd5 Qc7 14. Qc2 e6
15. Bb3 Rfd8 16. Rfd1 Bf8 17. Bg5 Re8 18. Ba4 Bxa4 19. Qxa4 Bxc5 20. Rd7 Qc6
21. Qxc6 Rxc6 22. Rbd1 Bb6 23. g3 Rc4 24. Nd4 Rxc3 25. Nb5 Rf3 26. Nd6 Rb8 27.
Rd2 Nc6 28. Bf4 g5 29. Bxg5 Ne5 30. Re7 Ng4 31. Kg2 Rxf2+ 32. Rxf2 Nxf2 33. e5
Ng4 34. Nxf7 Rc8 35. h3 Rc2+ 36. Kf3 Rf2+ 37. Ke4 Rxf7 38. Re8+ Rf8 39. Rxf8+
Kxf8 40. hxg4 Bf2 41. Kf3 Be1 42. Be3 a6 43. Bb6 Ke8 44. Kf4 Kd7 45. Kg5 Bxg3
46. Kh6 Bxe5 47. Kxh7 Bf4 48. Kg6 Kc6 49. Bf2 Kd5 50. Kf6 e5 51. g5 e4 52. g6
e3 53. Be1 Be5+ 54. Kf7 Ke4 55. g7 Bxg7 56. Kxg7 Kd3 57. Kf6 b5 58. Ke5 Kc2 59.
Kd4 e2 60. a3 Kb3 61. Bb4 Ka4 62. Kd3 a5 63. Bd2 Kxa3 64. Bxa5 1/2-1/2

[Event "4NCL/Div2b/E2E41 vs. BRI1"]
[Site "Hinckley Island ENG"]
[Date "2010.02.20"]
[Round "5.4"]
[White "Collier, David O"]
[Black "Jackson, James P"]
[Result "1/2-1/2"]
[WhiteElo "2118"]
[BlackElo "2067"]
[PlyCount "123"]
[EventDate "2010.02.20"]
[SourceDate "2009.10.24"]

1. d4 Nf6 2. Bg5 e6 3. Nd2 h6 4. Bh4 d6 5. e4 Nbd7 6. f4 Be7 7. Bd3 e5 8. fxe5
dxe5 9. c3 O-O 10. Ngf3 Nh5 11. Bxe7 Qxe7 12. O-O Nf4 13. Bc4 Ng6 14. Qe1 c5
15. d5 Nf6 16. a4 Ne8 17. Qe3 Bd7 18. Bb5 Rc8 19. Bxd7 Qxd7 20. Nc4 Qe7 21.
Nfd2 f6 22. Qg3 Kh7 23. Qg4 Rd8 24. Ne3 Nd6 25. g3 Nh8 26. Nf3 g6 27. Nh4 Qd7
28. Qf3 Rf7 29. Ng4 Rdf8 30. Qe2 h5 31. Nf2 f5 32. exf5 Nxf5 33. Nxf5 Rxf5 34.
c4 b6 35. b3 Qd6 36. Ne4 Qd8 37. Rxf5 Rxf5 38. Rf1 Rxf1+ 39. Qxf1 Kg7 40. Qd3
Nf7 41. d6 Qa8 42. d7 Qc6 43. Ng5 Nd8 44. h4 Kf6 45. Qf1+ Ke7 46. Nh7 Kxd7 47.
Nf6+ Kc8 48. Nd5 Qd6 49. Kg2 Kd7 50. Qf3 Qe6 51. Nf6+ Kc7 52. Nd5+ Kd7 53. Nf6+
Kc7 54. Nd5+ Kc8 55. Qf8 e4 56. Qf4 Qf7 57. Qxe4 Ne6 58. Nc3 Nc7 59. Nb5 Nxb5
60. axb5 Kb8 61. Qe5+ Kb7 62. Qe4+ 1/2-1/2

[Event "4NCL/Div2b/E2E41 vs. BRI1"]
[Site "Hinckley Island ENG"]
[Date "2010.02.20"]
[Round "5.5"]
[White "Denton, John R"]
[Black "Franklin, Michael"]
[Result "1-0"]
[WhiteElo "2146"]
[BlackElo "2190"]
[PlyCount "109"]
[EventDate "2010.02.20"]
[SourceDate "2009.10.24"]

1. d4 Nf6 2. Nf3 e6 3. g3 c5 4. c4 cxd4 5. Nxd4 a6 6. Bg2 Nc6 7. Nc3 Be7 8. O-O
O-O 9. e4 Qc7 10. b3 d6 11. Bb2 Bd7 12. Rc1 Nxd4 13. Qxd4 Rfd8 14. Rfd1 Qa5 15.
Qe3 Rac8 16. a4 Bc6 17. Nd5 exd5 18. exd5 Re8 19. dxc6 bxc6 20. Bc3 Qc7 21. b4
Qb8 22. Qd2 Nd7 23. Bh3 Rcd8 24. Re1 Ne5 25. Qe2 Bf6 26. Bg2 Nd7 27. Qb2 Ne5
28. Qe2 Nd7 29. Qd2 Ne5 30. Bb2 Qb6 31. a5 Qa7 32. h3 d5 33. cxd5 cxd5 34. Bxe5
Bxe5 35. Rc5 Kf8 36. Kf1 g6 37. Rxd5 Bf6 38. Rxe8+ Rxe8 39. Rd7 Bc3 40. Rxa7
Bxd2 41. Bd5 Re7 42. Rxe7 Kxe7 43. b5 Bxa5 44. bxa6 Bb6 45. g4 f6 46. Be4 Ke6
47. f4 Kd6 48. Ke2 Ba7 49. h4 Bb6 50. Kf3 Bg1 51. h5 f5 52. Bd3 fxg4+ 53. Kxg4
gxh5+ 54. Kxh5 Ke6 55. Bxh7 1-0

[Event "4NCL/Div2b/E2E41 vs. BRI1"]
[Site "Hinckley Island ENG"]
[Date "2010.02.20"]
[Round "5.6"]
[White "Bicknell, Carl"]
[Black "Mansson, James C"]
[Result "0-1"]
[WhiteElo "2194"]
[BlackElo "2142"]
[PlyCount "44"]
[EventDate "2010.02.20"]
[SourceDate "2009.10.24"]

1. e4 c5 2. c3 Nf6 3. e5 Nd5 4. Bc4 Nb6 5. Bb3 d6 6. Nf3 Nc6 7. exd6 Qxd6 8. d4
cxd4 9. cxd4 Bf5 10. Nc3 e6 11. O-O Be7 12. a3 a6 13. Be3 O-O 14. Qe2 Nd5 15.
Nxd5 exd5 16. Qd2 Rad8 17. Bf4 Qg6 18. Bg3 Be4 19. Ne5 Nxe5 20. dxe5 h5 21. f3
Bf5 22. Rad1 Qb6+ 0-1

[Event "4NCL/Div2b/E2E41 vs. BRI1"]
[Site "Hinckley Island ENG"]
[Date "2010.02.20"]
[Round "5.7"]
[White "Compton, Alistair"]
[Black "Curtis, John E"]
[Result "1/2-1/2"]
[WhiteElo "2066"]
[BlackElo "2106"]
[PlyCount "76"]
[EventDate "2010.02.20"]
[SourceDate "2009.10.24"]

1. e4 d6 2. d4 Nf6 3. Nc3 e5 4. Nf3 Nbd7 5. Bc4 Be7 6. O-O O-O 7. Re1 c6 8. a4
b6 9. Ba2 a6 10. Nh4 Nxe4 11. Nxe4 Bxh4 12. dxe5 dxe5 13. Qh5 Be7 14. Bg5 Nf6
15. Qh4 h6 16. Bxh6 Nxe4 17. Qxe4 Qd6 18. Be3 Rb8 19. Rad1 Qf6 20. f4 Bf5 21.
Qxe5 Qxe5 22. fxe5 Bxc2 23. Rd7 Bc5 24. Bxc5 bxc5 25. e6 fxe6 26. Bxe6+ Kh7 27.
Re3 Rxb2 28. Rh3+ Kg6 29. Bf7+ Rxf7 30. Rg3+ Kf6 31. Rf3+ Bf5 32. Rxf7+ Kxf7
33. Rxf5+ Ke6 34. Rxc5 Kd6 35. Ra5 Rb6 36. Rg5 Rb4 37. Ra5 Rb6 38. Rg5 Rb4
1/2-1/2

[Event "4NCL/Div2b/E2E41 vs. BRI1"]
[Site "Hinckley Island ENG"]
[Date "2010.02.20"]
[Round "5.8"]
[White "Oliver, Martin"]
[Black "Norinkeviciute, Rasa"]
[Result "0-1"]
[WhiteElo "1810"]
[BlackElo "2027"]
[PlyCount "88"]
[EventDate "2010.02.20"]
[SourceDate "2009.10.24"]

1. d4 Nf6 2. c4 e6 3. Nf3 b6 4. g3 Bb7 5. Bg2 Bb4+ 6. Bd2 Be7 7. O-O O-O 8. Bf4
d6 9. Nc3 Ne4 10. Qc2 Nxc3 11. Qxc3 Nd7 12. Rfd1 Nf6 13. b4 Ne4 14. Qc2 f5 15.
Nd2 d5 16. Nxe4 fxe4 17. b5 Bd6 18. Be3 Qf6 19. c5 bxc5 20. dxc5 Be5 21. Rab1
d4 22. Bf4 Bxf4 23. gxf4 Qxf4 24. Rf1 Bd5 25. Qc1 Qh4 26. f3 e3 27. a4 Rf5 28.
Qe1 Qe7 29. c6 Raf8 30. Kh1 Rh5 31. Qg3 Rh6 32. h3 e5 33. Rbd1 Rf4 34. Kh2 Be6
35. Rh1 Rg6 36. Qe1 Qg5 37. Qf1 Qg3+ 38. Kg1 Rh4 39. a5 Bxh3 40. Rh2 Be6 41.
Rxh4 Qxh4 42. Rc1 Bh3 43. b6 Bxg2 44. bxa7 Qh1# 0-1

[Event "4NCL/Div2b/GUI3 vs. CELT1"]
[Site "Hinckley Island ENG"]
[Date "2010.02.20"]
[Round "5.1"]
[White "Shepley, Julien M"]
[Black "Hoffman, Hendrik"]
[Result "1/2-1/2"]
[WhiteElo "2022"]
[BlackElo "2252"]
[PlyCount "48"]
[EventDate "2010.02.20"]
[SourceDate "2009.10.24"]

1. d4 Nf6 2. Bg5 e6 3. e4 h6 4. Bxf6 Qxf6 5. c3 d6 6. Bd3 e5 7. Ne2 g6 8. O-O
Bg7 9. f4 Qe7 10. Nd2 O-O 11. Qe1 exd4 12. cxd4 c5 13. Nf3 cxd4 14. Nexd4 Nc6
15. Qe3 Nxd4 16. Nxd4 Qf6 17. Nb5 Qxb2 18. Rab1 Qf6 19. Nc7 Qd4 20. Qxd4 Bxd4+
21. Kh1 Rb8 22. Na6 Ra8 23. Nc7 Rb8 24. Na6 Ra8 1/2-1/2

[Event "4NCL/Div2b/GUI3 vs. CELT1"]
[Site "Hinckley Island ENG"]
[Date "2010.02.20"]
[Round "5.2"]
[White "Maciol, Rycho"]
[Black "Hunt, Daniel"]
[Result "1-0"]
[WhiteElo "2245"]
[BlackElo "2018"]
[PlyCount "77"]
[EventDate "2010.02.20"]
[SourceDate "2009.10.24"]

1. d4 Nf6 2. c4 g6 3. Nc3 d5 4. cxd5 Nxd5 5. Bd2 Bg7 6. e4 Nb6 7. Be3 O-O 8. a4
e5 9. d5 Bd7 10. Qb3 a5 11. d6 Nc8 12. Qxb7 Bc6 13. Qxc7 Nxd6 14. Qxd8 Rxd8 15.
O-O-O Na6 16. Bxa6 Rxa6 17. Bc5 Bb7 18. Kb1 Rc8 19. Bxd6 Rd8 20. Nge2 Raxd6 21.
f3 Bc6 22. b3 Bh6 23. Rxd6 Rxd6 24. Rd1 Rxd1+ 25. Nxd1 f5 26. Ng3 fxe4 27. Nxe4
Kf7 28. Nb2 Bd5 29. Nc4 Bxc4 30. Nd6+ Ke6 31. Nxc4 Bf4 32. g3 Bg5 33. Nxa5 Be7
34. Kc2 Kd5 35. Kd3 g5 36. Nc4 h5 37. Ne3+ Kc5 38. b4+ Kxb4 39. Nd5+ 1-0

[Event "4NCL/Div2b/GUI3 vs. CELT1"]
[Site "Hinckley Island ENG"]
[Date "2010.02.20"]
[Round "5.3"]
[White "Higgs, Anthony RJ"]
[Black "Mueller, Jan"]
[Result "0-1"]
[WhiteElo "1962"]
[BlackElo "2165"]
[PlyCount "82"]
[EventDate "2010.02.20"]
[SourceDate "2009.10.24"]

1. e4 c5 2. a3 e6 3. b4 cxb4 4. axb4 Bxb4 5. Nf3 Nc6 6. Ba3 Bxa3 7. Rxa3 Nge7
8. Bb5 d5 9. Nc3 Bd7 10. exd5 exd5 11. O-O O-O 12. Qa1 Bg4 13. Ne2 a6 14. Bxc6
Nxc6 15. h3 Bh5 16. Nf4 Bg6 17. Nxg6 hxg6 18. Rb1 Qd7 19. Rb6 Rfe8 20. Rab3
Rab8 21. d4 f6 22. Rb1 Na7 23. R6b4 Re6 24. Qb2 b5 25. c4 a5 26. cxd5 Qxd5 27.
Rb3 b4 28. Rc1 Rc6 29. Re3 Rxc1+ 30. Qxc1 Nc6 31. Qb1 Nxd4 32. Nh4 Nc6 33. Qxg6
Qf7 34. Qg3 Rd8 35. Nf5 Kf8 36. Qf3 Ne5 37. Qf4 b3 38. Qa4 Rb8 39. Qa3+ Kg8 40.
Re4 b2 41. Ne7+ Qxe7 0-1

[Event "4NCL/Div2b/GUI3 vs. CELT1"]
[Site "Hinckley Island ENG"]
[Date "2010.02.20"]
[Round "5.4"]
[White "Pedersen, Carsten"]
[Black "Shaw, Matthew H"]
[Result "1-0"]
[WhiteElo "2157"]
[BlackElo "1956"]
[PlyCount "97"]
[EventDate "2010.02.20"]
[SourceDate "2009.10.24"]

1. e4 e6 2. d4 d5 3. Nd2 Nf6 4. e5 Nfd7 5. Bd3 c5 6. c3 Nc6 7. Ne2 cxd4 8. cxd4
f6 9. exf6 Qxf6 10. Nf3 h6 11. O-O Bd6 12. Be3 O-O 13. Nc3 Nb6 14. Qe2 Bd7 15.
Rae1 Be8 16. Qd2 Bh5 17. Be2 Bxf3 18. Bxf3 Ne7 19. Bg4 Nf5 20. Qd3 Qh4 21. h3
Rae8 22. Bc1 Re7 23. a3 a6 24. Re2 Nd7 25. Rfe1 Nb6 26. g3 Qf6 27. Bxf5 exf5
28. Rxe7 Bxe7 29. Qe3 Bd6 30. Qe6+ Qxe6 31. Rxe6 Rd8 32. Kg2 Kf7 33. Re2 Re8
34. Rxe8 Kxe8 35. Kf3 Kf7 36. Bf4 Bxf4 37. Kxf4 Ke6 38. b3 Nd7 39. Na4 g5+ 40.
Ke3 Kd6 41. f3 b5 42. Nb2 h5 43. Nd3 a5 44. h4 f4+ 45. Kf2 fxg3+ 46. Kxg3 Ke6
47. hxg5 a4 48. bxa4 bxa4 49. Kh4 1-0

[Event "4NCL/Div2b/GUI3 vs. CELT1"]
[Site "Hinckley Island ENG"]
[Date "2010.02.20"]
[Round "5.6"]
[White "Josse, Mark"]
[Black "Armour, Philip"]
[Result "1-0"]
[WhiteElo "2064"]
[BlackElo "1850"]
[PlyCount "123"]
[EventDate "2010.02.20"]
[SourceDate "2009.10.24"]

1. e4 Nf6 2. e5 Nd5 3. d4 d6 4. c4 Nb6 5. exd6 exd6 6. Nc3 Nc6 7. Be3 Bf5 8. b3
Be7 9. Bd3 Bg6 10. Nge2 Nb4 11. Bxg6 hxg6 12. Ng3 Nc6 13. O-O Qd7 14. Qf3 O-O
15. Qe2 Rae8 16. Qd2 d5 17. c5 Nc8 18. Nge2 Bf6 19. Bg5 Bxg5 20. Qxg5 N6e7 21.
Rad1 Qf5 22. Qd2 c6 23. b4 a6 24. a4 b5 25. Ra1 Qf6 26. axb5 axb5 27. Ra6 Qf5
28. h3 Qd7 29. Rfa1 Nf5 30. Kh1 Kh7 31. Ng1 f6 32. Qd3 Re6 33. Nge2 Rfe8 34.
Qd2 Qb7 35. g3 g5 36. Kg2 g6 37. R1a3 Qd7 38. Ra2 Qc7 39. Qd1 Kg8 40. Qa1 Kf8
41. Qd1 Qe7 42. Qd3 Qc7 43. Qd2 Kf7 44. Ng1 Kg7 45. Nf3 Rh8 46. Nxd5 Qb7 47.
Nb6 Nfe7 48. Qd3 Kf7 49. Qb3 Rd8 50. Ra8 Qc7 51. Re2 Nd5 52. Nxd5 Rxd5 53. Rxe6
Kxe6 54. h4 g4 55. Nh2 Qb7 56. Ra2 f5 57. Qe3+ Kf6 58. Re2 Qd7 59. Qh6 Rxd4 60.
Qf8+ Qf7 61. Qxc8 Qd5+ 62. f3 1-0

[Event "4NCL/Div2b/GUI3 vs. CELT1"]
[Site "Hinckley Island ENG"]
[Date "2010.02.20"]
[Round "5.7"]
[White "Waldock, Adrian DP"]
[Black "Thomas, Mark"]
[Result "0-1"]
[WhiteElo "1850"]
[BlackElo "2049"]
[PlyCount "90"]
[EventDate "2010.02.20"]
[SourceDate "2009.10.24"]

1. e4 Nc6 2. Nf3 d6 3. d4 Nf6 4. Nc3 Bg4 5. Be3 e6 6. Be2 Be7 7. Qd2 d5 8. exd5
exd5 9. O-O-O O-O 10. h3 Bf5 11. Ne5 Nb4 12. Bd3 Ne4 13. Bxe4 Bxe4 14. Nxe4
dxe4 15. a3 Nd5 16. Kb1 f6 17. Nc4 b5 18. Na5 Qe8 19. c4 bxc4 20. Nxc4 Qb5 21.
Rc1 Rab8 22. Rc2 f5 23. g3 Rf6 24. Bg5 Ra6 25. Bxe7 Nxe7 26. g4 Ra4 27. Rhc1 f4
28. h4 Nd5 29. g5 Re8 30. Ka2 e3 31. fxe3 Nb4+ 32. Qxb4 Rxb4 33. axb4 fxe3 34.
Ne5 Qd5+ 35. Rc4 e2 36. b3 Rxe5 37. dxe5 Qd2+ 38. R1c2 Qxc2+ 39. Rxc2 e1=Q 40.
Rxc7 Qxe5 41. Rc4 Kf7 42. Kb1 Kg6 43. Kc2 Kh5 44. Kc1 Qe1+ 45. Kc2 Qxh4 0-1

[Event "4NCL/Div2b/GUI3 vs. CELT1"]
[Site "Hinckley Island ENG"]
[Date "2010.02.20"]
[Round "5.8"]
[White "Owens, Megan R"]
[Black "Ward, Matthew J"]
[Result "1-0"]
[WhiteElo "1774"]
[BlackElo "1688"]
[PlyCount "27"]
[EventDate "2010.02.20"]
[SourceDate "2009.10.24"]

1. Nf3 d5 2. d4 c6 3. c4 Nf6 4. e3 e6 5. Nbd2 Nbd7 6. b3 Bd6 7. Bb2 Qe7 8. Ne5
O-O 9. Bd3 c5 10. f4 b6 11. Qf3 Bb7 12. Nxd7 Qxd7 13. Qh3 Ne4 14. cxd5 {
Black picked up the d5 pawn, but resigned before making a legal capture of it.}
1-0

[Event "4NCL/Div2b/FCA1 vs. WWKS1"]
[Site "Hinckley Island ENG"]
[Date "2010.02.20"]
[Round "5.1"]
[White "Tippleston, Charles E"]
[Black "Mason, Donald J"]
[Result "0-1"]
[WhiteElo "2137"]
[BlackElo "2255"]
[PlyCount "81"]
[EventDate "2010.02.20"]
[SourceDate "2009.10.24"]

1. e4 c5 2. Nf3 d6 3. d4 cxd4 4. Nxd4 Nf6 5. Nc3 a6 6. Bc4 e6 7. Bb3 Nbd7 8.
O-O Nc5 9. f4 Ncxe4 10. Nxe4 Nxe4 11. f5 d5 12. fxe6 Bxe6 13. Nxe6 fxe6 14.
Qh5+ g6 15. Qe5 Kd7 16. Be3 Be7 17. Rad1 Nd6 18. c4 Rf8 19. Rxf8 Qxf8 20. cxd5
exd5 21. Qxd5 Kc7 22. Rc1+ Kb8 23. Bd1 a5 24. Be2 a4 25. Bb6 Bd8 26. Bc5 Bc7
27. Bf3 Qe7 28. Qg8+ Qe8 29. Qxh7 Ra6 30. Bf2 Bb6 31. Qh4 Nf5 32. Qf4+ Ka7 33.
Bxb6+ Rxb6 34. Qd2 Qb5 35. Rc2 Rd6 36. Qf2+ Nd4 37. Be4 Qb6 38. h3 Nxc2 39.
Qxb6+ Kxb6 40. Bxc2 Ka5 41. Kh2 0-1

[Event "4NCL/Div2b/FCA1 vs. WWKS1"]
[Site "Hinckley Island ENG"]
[Date "2010.02.20"]
[Round "5.2"]
[White "Thomas, Nicholas"]
[Black "Almond, Richard J"]
[Result "1-0"]
[WhiteElo "2291"]
[BlackElo "2145"]
[PlyCount "149"]
[EventDate "2010.02.20"]
[SourceDate "2009.10.24"]

1. e4 d5 2. exd5 Qxd5 3. Nc3 Qa5 4. d4 c6 5. Nf3 Nf6 6. Bd2 Bf5 7. Ne4 Qc7 8.
Nxf6+ gxf6 9. g3 Nd7 10. Bg2 O-O-O 11. O-O e5 12. Re1 Bd6 13. c4 exd4 14. Nxd4
Bg6 15. Qa4 Bc5 16. Nb3 Bc2 17. Qa5 Bxb3 18. axb3 Rhe8 19. Bh3 Bd4 20. Qh5 Kb8
21. Rxe8 Rxe8 22. Qxf7 Rd8 23. Qxh7 Ne5 24. Qxc7+ Kxc7 25. Ba5+ b6 26. Bc3 a5
27. Kf1 Nf3 28. Kg2 Bxc3 29. bxc3 Nd2 30. b4 axb4 31. cxb4 Nxc4 32. Ra7+ Kd6
33. Rf7 Ke5 34. Re7+ Kd4 35. Re6 Rd6 36. Rxd6+ Nxd6 37. Bd7 c5 38. bxc5 bxc5
39. h4 c4 40. h5 c3 41. Ba4 Nf7 42. Bc2 Nh6 43. Kf3 Ke5 44. g4 Nf7 45. Ke3 Nh6
46. f3 Nf7 47. f4+ Kd6 48. Kd3 Nh6 49. Bd1 Ke6 50. Kxc3 Kf7 51. Kd4 Kg7 52. Kd5
Nf7 53. Bf3 Nh6 54. Ke6 Nf7 55. Ke7 Nh6 56. Be2 Ng8+ 57. Kd7 Nh6 58. Bf3 Kf8
59. Bd1 Kg7 60. Ke6 Nf7 61. Bc2 Nh6 62. Bf5 Ng8 63. Kd7 Kf8 64. Be6 Nh6 65. Kd8
Kg7 66. Ke7 f5 67. g5 Ng4 68. Bxf5 Ne3 69. h6+ Kh8 70. Be6 Kh7 71. Kf6 Kh8 72.
g6 Nd5+ 73. Kf7 Nf6 74. g7+ Kh7 75. Kxf6 1-0